| 000 | 00748nam a2200193 a 4500 | ||
|---|---|---|---|
| 003 | 0 | ||
| 005 | 20250404155406.0 | ||
| 008 | 050809s19uu xx 00 eng d | ||
| 050 |
_aPGS LB 1025.3.T8 _b.K49 2005 |
||
| 100 | _aKim, James. | ||
| 245 |
_aThe effects of attending academic tutorials on the study habits of lower school students / _cJames Kim. |
||
| 260 |
_aLas PiƱas City, Philippines : _bSouthville International School and Colleges, _c2005. |
||
| 300 |
_a35 pages : _billustrations ; _c28 cm. |
||
| 504 | _aIncludes bibliographic references. | ||
| 650 |
_aTutoring _vEducational aspect. |
||
| 650 |
_aStudy skills _vElementary school students. |
||
| 650 |
_aAcademic achievement _vEffect of tutoring on. |
||
| 942 |
_2lcc _cPASS |
||
| 999 |
_c97378 _d97378 |
||